LEADER 03574oam 2200637I 450 001 9910965379203321 005 20251117110257.0 010 $a1-317-79234-3 010 $a1-317-79235-1 010 $a1-315-81037-9 024 7 $a10.4324/9781315810379 035 $a(CKB)2670000000518800 035 $a(EBL)1619281 035 $a(SSID)ssj0001107869 035 $a(PQKBManifestationID)12491390 035 $a(PQKBTitleCode)TC0001107869 035 $a(PQKBWorkID)11085330 035 $a(PQKB)11602871 035 $a(OCoLC)863039360 035 $a(MiAaPQ)EBC1619281 035 $a(EXLCZ)992670000000518800 100 $a20180331e20131973 uy 0 101 0 $aeng 135 $aur|n|---||||| 181 $ctxt 182 $cc 183 $acr 200 14$aThe African slave trade and its suppression $ea classified and annotated bibliography of books, pamphlets and periodical articles /$fPeter C. Hogg 210 1$aLondon ;$aNew York :$cRoutledge,$d2013. 215 $a1 online resource (429 p.) 225 1 $aCass Library of African Studies : General Studies ;$vNumber 137 300 $aFirst published 1973 by Frank Cass and Company Limited. 311 08$a1-138-96628-2 311 08$a0-7146-2775-5 320 $aIncludes bibliographical references and indexes. 327 $aCover; Half Title; Title Page; Copyright Page; Table of Contents; Acknowledgements; Introduction; Abbreviations; PART I: SLAVE TRADE; A. Collections of evidence; B. General accounts; (a) Contemporary accounts; (b) History; C. West Africa; (a) Contemporary accounts; (b) Controversy; (c) History; D. Sudan; (b) Controversy; (c) History; (a) Contemporary accounts; E. East Africa; (a) Contemporary accounts; (b) Controversy; (c) History; F. Slaving voyages; (a) Contemporary accounts; (b) History; G. Medical conditions; (a) Contemporary accounts; (b) History; H. Laws and official documents 327 $aI. Economic controversyJ. Economic history; K. Biographies of slaves; L. Ethnic origins of slaves; PART II: ABOLITION AND SUPPRESSION; M. Abolition controversy; N. Sermons; O. Legislative debates and speeches; P. Suppression controversy; Q. Abolition societies and conferences; (a) Publications and reports; (b) Abolition journals; R. Laws and official documents; S. Naval blockade; (a) Official documents; (b) West Africa; (c) East Africa; (d) Controversy; (e) History; T. Trials for illegal slave trading; U. Military action; V. History of the abolition movement 327 $aW. History of abolition literatureX. Legal history; Y. Biographies of abolitionists; Z. Imaginative literature; Appendix I: Unpublished theses; Appendix II: Addenda; Author index; Personal name index; Geographical name index; Anonymous title index 330 $aA comprehensive bibliography dealing specifically with African slave trade. This volume has been sub-classified for easier consultation and the compiler has provided, where possible, descriptions and comments on the works listed. 410 0$aCass library of African studies.$pGeneral studies ;$vno. 137. 606 $aSlave trade$zAfrica$vBibliography 606 $aSlave trade$vBibliography 606 $aSlavery$vBibliography 615 0$aSlave trade 615 0$aSlave trade 615 0$aSlavery 676 $a016.382/44/096 676 $a016.38244096 700 $aHogg$b Peter C.$0243662 801 0$bMiAaPQ 801 1$bMiAaPQ 801 2$bMiAaPQ 906 $aBOOK 912 $a9910965379203321 996 $aAfrican Slave Trade and its Suppression$9653092 997 $aUNINA LEADER 06652nam 22007575 450 001 9910143884803321 005 20251116234252.0 010 $a3-540-36379-3 024 7 $a10.1007/3-540-36379-3 035 $a(CKB)1000000000211908 035 $a(SSID)ssj0000323620 035 $a(PQKBManifestationID)11246658 035 $a(PQKBTitleCode)TC0000323620 035 $a(PQKBWorkID)10299307 035 $a(PQKB)10301265 035 $a(DE-He213)978-3-540-36379-8 035 $a(MiAaPQ)EBC3071640 035 $a(PPN)155225766 035 $a(EXLCZ)991000000000211908 100 $a20121227d2002 u| 0 101 0 $aeng 135 $aurnn#008mamaa 181 $ctxt 182 $cc 183 $acr 200 10$aGraph-Theoretic Concepts in Computer Science $e28th International Workshop, WG 2002, Cesky Krumlov, Czech Republic, June 13-15, 2002, Revised Papers /$fedited by Ludek Kucera 205 $a1st ed. 2002. 210 1$aBerlin, Heidelberg :$cSpringer Berlin Heidelberg :$cImprint: Springer,$d2002. 215 $a1 online resource (XI, 422 p.) 225 1 $aLecture Notes in Computer Science,$x0302-9743 ;$v2573 300 $aBibliographic Level Mode of Issuance: Monograph 311 08$a3-540-00331-2 320 $aIncludes bibliographical references and index. 327 $aMaximum Cardinality Search for Computing Minimal Triangulations -- DNA Sequencing, Eulerian Graphs, and the Exact Perfect Matching Problem -- On the Minimum Size of a Contraction-Universal Tree -- Optimal Area Algorithm for Planar Polyline Drawings -- Cycles in Generalized Networks -- New Graph Classes of Bounded Clique-Width -- More about Subcolorings -- Search in Indecomposable Graphs -- On the Complexity of (k, l)-Graph Sandwich Problems -- Algorithms and Models for the On-Line Vertex-Covering -- Weighted Node Coloring: When Stable Sets Are Expensive -- The Complexity of Restrictive H-Coloring -- A New 3-Color Criterion for Planar Graphs -- An Additive Stretched Routing Scheme for Chordal Graphs -- Complexity of Pattern Coloring of Cycle Systems -- Safe Reduction Rules for Weighted Treewidth -- Graph Separator Algorithms: A Refined Analysis -- Generalized H-Coloring and H-Covering of Trees -- The Complexity of Approximating the Oriented Diameter of Chordal Graphs -- Radiocolorings in Periodic Planar Graphs: PSPACE-Completeness and Efficient Approximations for the Optimal Range of Frequencies -- Completely Independent Spanning Trees in Maximal Planar Graphs -- Facets of the Directed Acyclic Graph Layering Polytope -- Recognizing When Heuristics Can Approximate Minimum Vertex Covers Is Complete for Parallel Access to NP -- Complexity of Some Infinite Games Played on Finite Graphs -- New Algorithms for k-Face Cover, k-Feedback Vertex Set, and k-Disjoint Cycles on Plane and Planar Graphs -- A Multi-scale Algorithm for the Linear Arrangement Problem -- On the b-Chromatic Number of Graphs -- Budgeted Maximum Graph Coverage -- Online Call Admission in Optical Networks with Larger Demands -- The Forest Wrapping Problem on Outerplanar Graphs -- On the Recognition of P 4 -Comparability Graphs -- Bend-Minimum Orthogonal Drawings of Plane 3-Graphs -- Cluster Graph Modification Problems -- Two Counterexamples in Graph Drawing -- Connected and Loosely Connected List Homomorphisms -- Any Load-Balancing Regimen for Evolving Tree Computations on Circulant Graphs Is Asymptotically Optimal. 330 $aThe 28th International Workshop on Graph-Theoretic Concepts in Computer ? Science (WG 2002) was held in Cesky ´ Krumlov, a beautiful small town in the southern part of the Czech Republic on the river Vltava (Moldau), June 13?15, 2002. The workshop was organized by the Department of Applied Mathematics of the Faculty of Mathematics and Physics of Charles University in Prague. Since 1975, WG has taken place in Germany 20 times, twice in Austria and The Netherlands, and once in Italy, Slovakia, and Switzerland. As in previous years, the workshop aimed at uniting theory and practice by demonstrating how graph-theoretic concepts can be applied to various areas in Computer Science, or by extracting new problems from applications.The workshop was devoted to the theoretical and practical aspects of graph concepts in computer science, and its contributed talks showed how recent research results from algorithmic graph theory can be used in computer science and which graph-theoretic questions arise from new developments in computer science. Altogether 61 research papers were submitted and reviewed by the program committee. The program committee represented the wide scienti?c spectrum, and in a careful reviewing process with four reports per submission it selected 36papersforpresentationattheworkshop.Thereferees?commentsaswellasthe numerous fruitful discussions during the workshop have been taken into account by the authors of these conference proceedings. 410 0$aLecture Notes in Computer Science,$x0302-9743 ;$v2573 606 $aComputers 606 $aComputer simulation 606 $aAlgorithms 606 $aData structures (Computer science) 606 $aNumerical analysis 606 $aComputer science?Mathematics 606 $aTheory of Computation$3https://scigraph.springernature.com/ontologies/product-market-codes/I16005 606 $aSimulation and Modeling$3https://scigraph.springernature.com/ontologies/product-market-codes/I19000 606 $aAlgorithm Analysis and Problem Complexity$3https://scigraph.springernature.com/ontologies/product-market-codes/I16021 606 $aData Structures$3https://scigraph.springernature.com/ontologies/product-market-codes/I15017 606 $aNumeric Computing$3https://scigraph.springernature.com/ontologies/product-market-codes/I1701X 606 $aDiscrete Mathematics in Computer Science$3https://scigraph.springernature.com/ontologies/product-market-codes/I17028 615 0$aComputers. 615 0$aComputer simulation. 615 0$aAlgorithms. 615 0$aData structures (Computer science) 615 0$aNumerical analysis. 615 0$aComputer science?Mathematics. 615 14$aTheory of Computation. 615 24$aSimulation and Modeling. 615 24$aAlgorithm Analysis and Problem Complexity. 615 24$aData Structures. 615 24$aNumeric Computing. 615 24$aDiscrete Mathematics in Computer Science. 676 $a004.0151 702 $aKuc?era$b Lude?k$4edt$4http://id.loc.gov/vocabulary/relators/edt 906 $aBOOK 912 $a9910143884803321 996 $aGraph-Theoretic Concepts in Computer Science$92569248 997 $aUNINA